[Event "28. Cappelle Open"]
[Site "Cappelle la Grande FRA"]
[Date "2012.03.04"]
[Round "2"]
[White "Janev, Evgeni"]
[Black "Solak, Dragan"]
[Result "1-0"]
[WhiteElo "2484"]
[BlackElo "2602"]
[EventDate "2012.03.03"]

1.e4 c5 2.c3 Nf6 3.e5 Nd5 4.Nf3 Nc6 5.Na3 e6 6.Bc4 d6 7.exd6 Bxd6 8.Nc2 
O-O 9.d4 cxd4 10.Ncxd4 Nxd4 11.Qxd4 Nb6 12.Bb3 e5 13.Qe4 Nd7 14.Be3 Nf6 
15.Qh4 Bf5 16.O-O Qc7 17.Rfe1 Ng4 18.h3 Nxe3 19.Rxe3 Rae8 20.Rae1 Kh8 21.
Qg5 Bg6 22.Nxe5 Rxe5 23.Rxe5 f6 24.Qxg6 fxe5 25.Qh5 g6 26.Qh4 Rf4 27.Qg5 
Kg7 28.Qg3 e4 29.Rd1 Rf6 30.Qg4 Qe7 31.Re1 Bc5 32.Rxe4 Bxf2+ 33.Kh1 Qd6 
34.Qe2 Bc5 35.Re5 Rf2 36.Qe1 Qf6 37.Bc4 Bf8 38.Rd5 Qf4 39.Rd7+ Kh6 40.Rf7 
Qxf7 41.Bxf7 Rxf7 42.g4 Kg7 43.Qe5+ Kg8 44.Qd5 b6 45.Kg2 Bc5 46.b4 Be3 47.
h4 Bf4 48.c4 Kg7 49.h5 g5 50.Kf3 Re7 51.c5 bxc5 52.Qxc5 Kf7 53.a4 Rc7 54.
Qd5+ Ke7 55.Ke4 Rd7 56.Qg8 Kd6 57.a5 Kc6 58.Qa8+ Kd6 59.b5 Re7+ 60.Kd3 Rd7
61.Kc4 Rc7+ 62.Kb3 Kc5 63.Qe8 Kd4 64.Qd8+ Ke3 65.a6 Kf3 66.b6 axb6 67.Qd1+
Kg3 68.h6 Kh4 69.Kb4 Re7 70.Kb5 Re5+ 71.Kc6 Rc5+ 72.Kb7 Rc7+ 73.Kxb6 Re7 
74.Kb5 Re5+ 75.Kc4 Re4+ 76.Kd5 Re5+ 77.Kd4 Re7 78.Qf3 Bb8 79.Kd5 Ra7 80.
Qe2 Rf7 81.Qe8 Ra7 82.Qxb8 Rxa6 83.Qh2+ 1-0

[Event "28. Cappelle Open"]
[Site "Cappelle la Grande FRA"]
[Date "2012.03.04"]
[Round "2"]
[White "Fier, Alexandr"]
[Black "Lalic, Bogdan"]
[Result "1/2-1/2"]
[WhiteElo "2599"]
[BlackElo "2469"]
[EventDate "2012.03.03"]

1.c4 Nf6 2.Nc3 e6 3.Nf3 Bb4 4.g3 O-O 5.Bg2 d5 6.cxd5 exd5 7.O-O c6 8.d3 
Re8 9.h3 a5 10.a3 Bf8 11.e3 Na6 12.Rb1 h6 13.g4 Bd7 14.Qc2 b5 15.Ne2 b4 
16.g5 hxg5 17.Nxg5 Nc5 18.Ng3 Ne6 19.f4 c5 20.a4 Rc8 21.e4 Nd4 22.Qd1 dxe4
23.dxe4 Bc6 24.Be3 b3 25.Bf2 Nc2 26.Qf3 Nd4 27.Bxd4 Qxd4+ 28.Kh2 c4 29.Nf5
Qd3 30.Qxd3 1/2-1/2

[Event "28. Cappelle Open"]
[Site "Cappelle la Grande FRA"]
[Date "2012.03.04"]
[Round "2"]
[White "Wirig, Anthony"]
[Black "Kovchan, Alexander"]
[Result "1/2-1/2"]
[WhiteElo "2481"]
[BlackElo "2598"]
[EventDate "2012.03.03"]

1.d4 Nf6 2.c4 g6 3.Nc3 d5 4.cxd5 Nxd5 5.Bd2 Bg7 6.e4 Nxc3 7.Bxc3 O-O 8.Bc4
c5 9.d5 Bxc3+ 10.bxc3 Qd6 11.Ne2 Nd7 12.O-O Nb6 13.Bb3 f5 14.a4 fxe4 15.
Ng3 c4 16.Ba2 Bf5 17.a5 Nd7 18.Bxc4 Rac8 19.Qd4 e5 20.dxe6 Qxd4 21.cxd4 
Rxc4 22.exd7 Rxd4 23.Rfd1 Rxd7 24.Rxd7 Bxd7 25.Nxe4 Bc6 26.Nd6 Rf4 27.f3 
a6 28.Rb1 Ra4 1/2-1/2

[Event "28. Cappelle Open"]
[Site "Cappelle la Grande FRA"]
[Date "2012.03.04"]
[Round "2"]
[White "Sandipan, Chanda"]
[Black "Rombaldoni, Axel"]
[Result "1-0"]
[WhiteElo "2595"]
[BlackElo "2464"]
[EventDate "2012.03.03"]

1.d4 Nf6 2.Nf3 g6 3.Nbd2 d5 4.e3 Bg7 5.b4 a5 6.b5 c5 7.bxc6 Nxc6 8.Bb5 O-O
9.O-O Bf5 10.Bxc6 bxc6 11.Ne5 c5 12.Ba3 Rc8 13.Bxc5 Rxc5 14.dxc5 Qc7 15.
Nef3 Qxc5 16.Rc1 Qc3 17.Nb1 Qc4 18.Nd4 Bd7 19.Qd3 Qc7 20.c4 Ng4 21.Nf3 Rc8
22.c5 Bb2 23.Rcd1 e6 24.h3 Ne5 25.Nxe5 Qxe5 26.Qc2 a4 27.e4 a3 28.exd5 
exd5 29.Rfe1 Qg5 30.Re3 d4 31.Rg3 Qxc5 32.Qxc5 Rxc5 33.Nxa3 Be6 34.Nb1 
Bxa2 35.Nd2 Rc2 36.Nf3 Rc4 37.Rg4 f5 38.Rf4 Rb4 39.Nxd4 g5 40.Rxf5 Rxd4 
41.Rxg5+ Kf7 42.Rxd4 Bxd4 43.g4 Be6 44.Kg2 Bc3 45.f4 Bd2 46.Kf3 Bc4 47.Rc5
Ba6 48.Rc7+ Kg8 49.g5 Bf1 50.h4 Bh3 51.h5 Bf5 52.Rc5 Bb1 53.h6 Kh8 54.Rc8#
1-0

[Event "28. Cappelle Open"]
[Site "Cappelle la Grande FRA"]
[Date "2012.03.04"]
[Round "2"]
[White "Bernadskiy, Vitaliy"]
[Black "Borovikov, Vladislav"]
[Result "1/2-1/2"]
[WhiteElo "2464"]
[BlackElo "2579"]
[EventDate "2012.03.03"]

1.d4 d5 2.c4 c6 3.cxd5 cxd5 4.Bf4 Nc6 5.e3 Nf6 6.Nc3 a6 7.Rc1 Bf5 8.f3 e6 
9.g4 Bg6 10.h4 h5 11.g5 Nd7 12.Bd3 Bxd3 13.Qxd3 g6 14.Nge2 Nb6 15.O-O Be7 
16.Be5 O-O 17.Nf4 Qe8 18.e4 Nxe5 19.dxe5 dxe4 20.Qxe4 Kg7 21.Nce2 Nd7 22.
Nd3 Qb8 23.Nd4 Rd8 24.Rfd1 Nf8 25.Nf4 Qa7 26.Kg2 1/2-1/2

[Event "28. Cappelle Open"]
[Site "Cappelle la Grande FRA"]
[Date "2012.03.04"]
[Round "2"]
[White "Sivuk, Vitaly"]
[Black "Degraeve, Jean-Marc"]
[Result "1/2-1/2"]
[WhiteElo "2459"]
[BlackElo "2569"]
[EventDate "2012.03.03"]

1.e4 c5 2.Nf3 g6 3.d4 cxd4 4.Nxd4 Nc6 5.c4 Nf6 6.Nc3 d6 7.Nc2 Bg7 8.Be2 
Nd7 9.O-O O-O 10.Bd2 Nc5 11.b4 Ne6 12.Rc1 a5 13.a3 axb4 14.axb4 Ned4 15.
Nxd4 Nxd4 16.Be3 Nxe2+ 17.Qxe2 Be6 18.Rfd1 Bxc3 19.Rxc3 Qc7 20.Qc2 b6 21.
h3 Rfc8 22.Rc1 Qb7 23.Bd4 f6 24.b5 Rc7 25.f4 Rac8 26.Qd3 Ra8 27.Qc2 Ra5 
28.Kh2 Rc8 29.Rf1 Qa7 30.f5 Bf7 31.Qf2 Ra4 32.fxg6 Bxg6 33.Rg3 Raxc4 34.h4
Qa4 35.Qf5 Kf7 36.Qd5+ Ke8 37.Bxf6 Rxe4 38.Bg5 Qa8 39.Qb3 Re2 40.Rgf3 Kd7 
41.R1f2 Rcc2 42.Re3 Rxe3 43.Qxe3 Rxf2 44.Qxe7+ Kc8 45.Qd8+ Kb7 46.Qd7+ Kb8
47.Qxd6+ Kc8 48.Qd8+ Kb7 49.Qd7+ Kb8 50.Qd6+ 1/2-1/2

[Event "28. Cappelle Open"]
[Site "Cappelle la Grande FRA"]
[Date "2012.03.04"]
[Round "2"]
[White "McDonald, Neil"]
[Black "Timoshenko, Georgy"]
[Result "1/2-1/2"]
[WhiteElo "2457"]
[BlackElo "2569"]
[EventDate "2012.03.03"]

1.e4 e6 2.d4 d5 3.Nd2 Nf6 4.e5 Nfd7 5.f4 c5 6.c3 Nc6 7.Ndf3 Qb6 8.g3 Be7 
9.Ne2 O-O 10.Bh3 cxd4 11.cxd4 f6 12.Bxe6+ Kh8 13.Bxd5 fxe5 14.O-O exd4 15.
Kg2 Nf6 16.Bc4 Qc5 17.b3 b5 18.Bd3 Qh5 19.f5 Nd5 20.Nexd4 Bf6 21.Nxc6 Bxa1
22.Ncd4 Bb7 23.Kg1 a6 24.Bd2 Bxd4+ 25.Nxd4 Qf7 26.Ne6 Rfe8 27.Be4 Rac8 28.
Qf3 Rxe6 1/2-1/2

[Event "28. Cappelle Open"]
[Site "Cappelle la Grande FRA"]
[Date "2012.03.04"]
[Round "2"]
[White "Harutjunyan, Gevorg"]
[Black "Chernyshov, Konstantin"]
[Result "1-0"]
[WhiteElo "2455"]
[BlackElo "2561"]
[EventDate "2012.03.03"]

1.e4 g6 2.d4 Bg7 3.Nc3 a6 4.h4 h5 5.Nf3 d6 6.Ng5 Nf6 7.Bc4 O-O 8.Bf4 b5 9.
Bb3 b4 10.Ne2 Bb7 11.Qd3 a5 12.e5 dxe5 13.Bxe5 Bd5 14.Nf4 c6 15.Bxd5 cxd5 
16.g4 Nc6 17.gxh5 Nxe5 18.dxe5 Ne4 19.hxg6 f6 20.Nxe4 dxe4 21.Qc4+ Kh8 22.
Qe2 1-0

[Event "28. Cappelle Open"]
[Site "Cappelle la Grande FRA"]
[Date "2012.03.04"]
[Round "2"]
[White "Naumkin, Igor"]
[Black "Manolache, Marius"]
[Result "1-0"]
[WhiteElo "2452"]
[BlackElo "2561"]
[EventDate "2012.03.03"]

1.d4 Nf6 2.Nf3 g6 3.c4 Bg7 4.Nc3 d6 5.e4 O-O 6.Be2 c5 7.d5 e6 8.O-O exd5 
9.cxd5 Re8 10.Nd2 b6 11.Kh1 Ba6 12.a4 Nh5 13.Bxh5 gxh5 14.Nb5 h4 15.Ra3 
Bxb5 16.axb5 Nd7 17.Rh3 a6 18.Nf3 Rxe4 19.Ng5 Re7 20.Rxh4 Nf6 21.Qd3 c4 
22.Qg3 Qe8 23.Bd2 h6 24.Rxh6 Nxd5 25.Rxd6 Qxb5 26.Kg1 Rae8 27.Nf3 Qc5 28.
Bh6 f6 29.Nh4 Rf7 30.Nf5 Nc3 31.Qg6 Ne2+ 32.Kh1 1-0

[Event "28. Cappelle Open"]
[Site "Cappelle la Grande FRA"]
[Date "2012.03.04"]
[Round "2"]
[White "Solomon, Kenny"]
[Black "Mirzoev, Azer"]
[Result "1-0"]
[WhiteElo "2449"]
[BlackElo "2560"]
[EventDate "2012.03.03"]

1.d4 d5 2.Nf3 Nf6 3.c4 c6 4.Nc3 a6 5.b3 Bf5 6.Nh4 Bg6 7.g3 Bh5 8.Bg2 e6 9.
O-O Nbd7 10.Qd3 Bd6 11.cxd5 cxd5 12.e4 dxe4 13.Nxe4 Be7 14.Nxf6+ Bxf6 15.
Bxb7 Ra7 16.Be4 Bxh4 17.gxh4 O-O 18.Bg5 f6 19.Bf4 f5 20.Bg2 Qxh4 21.Qe3 
Qe7 22.Rfe1 Re8 23.d5 Nf6 24.dxe6 Ne4 25.f3 Nf6 26.Rad1 Raa8 27.Qb6 h6 28.
Bd6 Qa7 29.Bc5 Qxb6 30.Bxb6 Rac8 31.Ba5 Rc5 32.Bb4 Rb5 33.Rd4 Rb6 34.e7 
Rc6 35.Rc4 Rxc4 36.bxc4 Rc8 37.Rc1 Be8 38.Ba3 Kf7 39.Bf1 Bc6 40.Kf2 g5 41.
Rd1 Ne8 42.Rd8 Rc7 43.Bd3 f4 44.Bf5 h5 45.h3 Kf6 46.Be4 Bd7 47.Bd5 a5 48.
Ra8 a4 49.Ra6+ 1-0

[Event "28. Cappelle Open"]
[Site "Cappelle la Grande FRA"]
[Date "2012.03.05"]
[Round "3"]
[White "Harikrishna, Pendyala"]
[Black "Durarbayli, V"]
[Result "1/2-1/2"]
[WhiteElo "2678"]
[BlackElo "2543"]
[EventDate "2012.03.03"]

1.Nf3 c5 2.c4 Nf6 3.g3 b6 4.Bg2 Bb7 5.O-O e6 6.Nc3 d6 7.d4 cxd4 8.Qxd4 a6 
9.Bg5 Nbd7 10.Rfd1 Rc8 11.Nd2 Bxg2 12.Kxg2 Be7 13.Nde4 Rc6 14.Nxf6+ Bxf6 
15.Bxf6 Nxf6 16.Ne4 Nxe4 17.Qxe4 Qc7 18.b3 O-O 19.a4 Rb8 20.Rd4 h6 21.Qe3 
b5 22.axb5 axb5 23.cxb5 Rcb6 24.Rg4 h5 25.Rc4 Qd7 26.Qc1 Qxb5 27.Ra7 Rf8 
28.Rc8 Rb8 29.Rxb8 Qxb8 30.Qe3 d5 31.Ra4 Qb7 32.Qf3 g6 33.e4 Rb8 34.exd5 
Qxd5 35.Qxd5 exd5 36.b4 Kg7 37.Kf3 Kf6 38.Ke3 Ke5 39.f4+ Kf5 40.h3 Rb5 41.
Kf3 Kf6 42.Ke2 Kf5 43.Ke3 Rb7 44.Kd4 Rb5 45.Ke3 Rb7 46.Kf3 Ke6 47.g4 hxg4+
48.hxg4 Kd6 49.Kf2 Kc6 50.Ke3 Re7+ 51.Kd3 Kb6 52.Ra5 Re4 53.Rxd5 Rxf4 54.
Rd4 Rxd4+ 55.Kxd4 f5 56.gxf5 1/2-1/2

[Event "28. Cappelle Open"]
[Site "Cappelle la Grande FRA"]
[Date "2012.03.05"]
[Round "3"]
[White "Petrosian, Tigran L"]
[Black "Apicella, Manuel"]
[Result "1-0"]
[WhiteElo "2643"]
[BlackElo "2541"]
[EventDate "2012.03.03"]

1.d4 Nf6 2.Nf3 g6 3.g3 Bg7 4.Bg2 O-O 5.O-O d6 6.c4 Nbd7 7.Nc3 e5 8.e4 exd4
9.Nxd4 Re8 10.h3 Nc5 11.Re1 Bd7 12.Rb1 a6 13.b4 Ne6 14.Nb3 Rb8 15.c5 Bc6 
16.cxd6 cxd6 17.Na5 Nd7 18.Bb2 Nd4 19.Ne2 Nxe2+ 20.Rxe2 Nf6 21.e5 dxe5 22.
Qxd8 Rbxd8 23.Nxc6 bxc6 24.Bxc6 Re6 25.Rc1 e4 26.a4 Nd5 27.Bxd5 Bxb2 28.
Rc5 Bd4 29.Bxe6 Bxc5 30.bxc5 fxe6 31.Rxe4 Kf7 32.Kg2 Ke7 33.Rh4 h5 34.Rc4 
e5 35.Kf3 Rd2 36.c6 Kd8 37.c7+ Kc8 38.Rc6 a5 39.Rc5 e4+ 40.Ke3 Ra2 41.Rxa5
Kxc7 42.h4 1-0

[Event "28. Cappelle Open"]
[Site "Cappelle la Grande FRA"]
[Date "2012.03.05"]
[Round "3"]
[White "Cornette, Matthieu"]
[Black "Andriasian, Zaven"]
[Result "1/2-1/2"]
[WhiteElo "2545"]
[BlackElo "2616"]
[EventDate "2012.03.03"]

1.d4 d5 2.c4 c6 3.Nf3 Nf6 4.Nc3 dxc4 5.a4 Bf5 6.Nh4 e6 7.Nxf5 exf5 8.e3 
Bb4 9.Bxc4 O-O 10.O-O Nbd7 11.Qc2 g6 12.f3 Rc8 13.Kh1 Nb6 14.Ba2 c5 15.
dxc5 Rxc5 16.e4 Bxc3 17.bxc3 Qc7 18.Ba3 Rxc3 19.Qb2 Rc8 20.a5 Nbd7 21.Rad1
Rc6 22.Qb4 Ne5 23.Bb2 f4 24.Bd5 Nxd5 25.exd5 Rc4 26.Qe1 f6 27.d6 Qc5 28.
Qh4 Nd7 29.Rfe1 Qh5 30.Bxf6 Qxh4 31.Bxh4 Rf8 32.Rc1 Rxc1 33.Rxc1 Kf7 34.
Rc7 Ke6 35.Rxb7 Rb8 36.Rxb8 Nxb8 37.Bg5 Nc6 38.a6 Kxd6 39.Bxf4+ Kc5 40.g4 
Kb5 41.Kg2 Kxa6 42.Bd6 Kb5 43.Kg3 Kc4 44.h4 Kd5 45.Ba3 Nd4 46.Bb4 Kc4 47.
Ba5 Kd5 48.Kf4 Ne6+ 49.Ke3 a6 1/2-1/2

[Event "28. Cappelle Open"]
[Site "Cappelle la Grande FRA"]
[Date "2012.03.05"]
[Round "3"]
[White "Tazbir, Marcin"]
[Black "Amin, Bassem"]
[Result "0-1"]
[WhiteElo "2513"]
[BlackElo "2608"]
[EventDate "2012.03.03"]

1.e4 e5 2.Nf3 Nc6 3.Bb5 a6 4.Ba4 Nf6 5.O-O Be7 6.Re1 b5 7.Bb3 O-O 8.d4 d6 
9.c3 Bg4 10.Be3 exd4 11.cxd4 Na5 12.Bc2 c5 13.h3 Bh5 14.g4 Bg6 15.Nbd2 Re8
16.d5 Nd7 17.Rb1 Bf6 18.Bf4 Ne5 19.Bg3 Nec4 20.Qc1 Rc8 21.Nf1 Ne5 22.N1h2 
Nac4 23.Kg2 h6 24.Ng1 Qa5 25.Re2 Nd7 26.f4 Qxa2 27.b3 Rxe4 28.f5 Rxe2+ 29.
Nxe2 Qxc2 30.Qxc2 Ne3+ 31.Kf2 Nxc2 32.fxg6 Be5 33.gxf7+ Kxf7 34.Nf3 Bxg3+ 
35.Nxg3 Nf6 36.Rd1 Nb4 37.Nf5 Ne4+ 38.Kg2 g6 39.Nxh6+ Kg7 40.g5 c4 41.bxc4
bxc4 42.Re1 c3 43.Rxe4 c2 0-1

[Event "28. Cappelle Open"]
[Site "Cappelle la Grande FRA"]
[Date "2012.03.05"]
[Round "3"]
[White "Janev, Evgeni"]
[Black "Sandipan, Chanda"]
[Result "1/2-1/2"]
[WhiteElo "2484"]
[BlackElo "2595"]
[EventDate "2012.03.03"]

1.e4 c5 2.c3 d6 3.d4 Nf6 4.dxc5 Nc6 5.f3 dxc5 6.Qxd8+ Nxd8 7.Be3 Nd7 8.a4 
g6 9.Nd2 Bg7 10.Nh3 O-O 11.Nf4 b6 12.Nd5 Bb7 13.Nxe7+ Kh8 14.Nd5 f5 15.a5 
fxe4 16.fxe4 Bxd5 17.exd5 Re8 18.Kf2 Nf6 19.Be2 Nxd5 20.Bf3 Rxe3 21.Bxd5 
Rd3 22.Bxa8 Rxd2+ 23.Ke3 Rxb2 24.Rhd1 Nf7 25.axb6 axb6 26.Ra7 Bh6+ 27.Kf3 
Ne5+ 28.Kg3 Rd2 29.Re1 Rd3+ 30.Bf3 Be3 31.Re7 Nc4 32.Ra1 Na5 33.Rd1 Rxd1 
34.Bxd1 Bd2 35.Re6 Bxc3 36.Rxb6 Nc4 37.Rb7 Nd6 38.Rd7 Be5+ 39.Kh3 Ne4 40.
g3 Nf2+ 41.Kg2 Nxd1 42.Rxd1 c4 43.Rd5 Bf6 44.g4 c3 45.Rc5 h6 46.Kf3 Kg8 
47.Ke4 Kf7 48.Rc6 Ke7 49.h3 h5 50.gxh5 gxh5 51.Kf5 Kd7 52.Rc4 Bh8 53.Ke4 
Kd6 54.Ra4 h4 55.Ra6+ Kc5 56.Kd3 Be5 57.Ra4 Bg3 58.Kxc3 Kd5 59.Kd3 Ke5 60.
Ke3 Kd5 61.Ra5+ Kd6 62.Ke4 Kc6 63.Rd5 Bf2 64.Ke5 Bg3+ 65.Ke6 Kb6 66.Kd7 
Bf2 67.Rd2 Bg3 68.Rc2 Kb5 69.Ke6 Kb6 70.Kd5 Kb7 71.Rc6 Ka7 72.Kc5 Kb7 73.
Kb5 Ka7 74.Rf6 Kb7 75.Rf7+ Kc8 76.Kc6 Kd8 77.Kd5 Ke8 78.Ra7 Kd8 79.Ke6 Kc8
80.Rd7 Bh2 81.Ke7 Bg3 82.Rd3 Kc7 83.Rc3+ Kb6 84.Kf6 Bf2 85.Kg5 Kb5 86.Kg4 
Bg3 87.Rc8 Bf2 88.Kg5 Bg3 89.Kf5 Bf2 90.Ke4 Bg3 91.Kd5 Kb6 92.Rc2 Kb7 93.
Rc6 Kb8 94.Kc5 Kb7 95.Kb5 Bf2 96.Rf6 Bg3 97.Rf7+ Kc8 98.Kc6 Kd8 99.Kd5 Ke8
100.Ke6 Kd8 101.Re7 Kc8 102.Rd7 Bh2 103.Rd4 Bg3 104.Ke7 Kc7 105.Rc4+ Kb6 
106.Ke6 Kb5 107.Kd5 Kb6 108.Rc2 Kb7 109.Rc6 Bf2 1/2-1/2

[Event "28. Cappelle Open"]
[Site "Cappelle la Grande FRA"]
[Date "2012.03.05"]
[Round "3"]
[White "Arutinian, David"]
[Black "Harutjunyan, Gevorg"]
[Result "1-0"]
[WhiteElo "2553"]
[BlackElo "2455"]
[EventDate "2012.03.03"]

1.Nf3 Nf6 2.c4 g6 3.g3 Bg7 4.Bg2 O-O 5.O-O d6 6.Nc3 c6 7.d3 d5 8.cxd5 cxd5
9.Qb3 Nc6 10.Bg5 d4 11.Na4 h6 12.Bd2 e5 13.Nc5 Qd6 14.Nxb7 Bxb7 15.Qxb7 
Rab8 16.Qa6 Rxb2 17.Rab1 Rxb1 18.Rxb1 Nd5 19.Rc1 Nb6 20.a4 Nb4 21.Qxa7 Ra8
22.Bxb4 Qxb4 23.Qb7 Rxa4 24.Qb8+ Kh7 25.Nxe5 Qd2 26.Rf1 Qxe2 27.Nxf7 Qe7 
28.Qxb6 Qxf7 29.Be4 Qf6 30.Qc5 Qa6 31.h4 Ra5 32.Qc7 h5 33.Kg2 Qa7 34.Qd6 
Ra6 35.Qd5 Ra5 36.Qd8 Ra6 37.Qg5 Qf7 38.Qxh5+ Bh6 39.Qb5 1-0

[Event "28. Cappelle Open"]
[Site "Cappelle la Grande FRA"]
[Date "2012.03.05"]
[Round "3"]
[White "Naumkin, Igor"]
[Black "Sanikidze, Tornike"]
[Result "1/2-1/2"]
[WhiteElo "2452"]
[BlackElo "2549"]
[EventDate "2012.03.03"]

1.d4 Nf6 2.Nf3 e6 3.c4 d5 4.Nc3 Be7 5.Bg5 h6 6.Bh4 O-O 7.e3 Ne4 8.Bxe7 
Qxe7 9.Rc1 c6 10.Bd3 Nxc3 11.Rxc3 Nd7 12.O-O e5 13.dxe5 dxc4 14.Bxc4 Nxe5 
15.Nxe5 Qxe5 16.Qd2 Be6 17.Rd1 Qf6 18.Bxe6 Qxe6 19.a3 Rfe8 20.h3 Re7 21.
Rd3 Rae8 1/2-1/2

[Event "28. Cappelle Open"]
[Site "Cappelle la Grande FRA"]
[Date "2012.03.05"]
[Round "3"]
[White "Dgebuadze, Alexandre"]
[Black "Solomon, Kenny"]
[Result "1-0"]
[WhiteElo "2548"]
[BlackElo "2449"]
[EventDate "2012.03.03"]

1.e4 e5 2.Nf3 Nc6 3.Bb5 a6 4.Ba4 Nf6 5.O-O Be7 6.Re1 b5 7.Bb3 d6 8.c3 O-O 
9.h3 Bb7 10.d4 Re8 11.a4 h6 12.Nbd2 Bf8 13.Bc2 exd4 14.Nxd4 d5 15.Nxc6 
Bxc6 16.e5 Ne4 17.axb5 axb5 18.Rxa8 Qxa8 19.Nxe4 dxe4 20.Qd4 Rd8 21.Qe3 
Be7 22.Qg3 Kh8 23.Qg4 b4 24.Qh5 Qa2 25.cxb4 Qc4 26.Bxh6 Qxc2 27.Rc1 Qa4 
28.Bg5+ Kg8 29.Bxe7 Rd5 30.Qg5 Kh7 31.Bf8 1-0

[Event "28. Cappelle Open"]
[Site "Cappelle la Grande FRA"]
[Date "2012.03.05"]
[Round "3"]
[White "Sanchez, Joseph"]
[Black "Gharamian, Tigran"]
[Result "1/2-1/2"]
[WhiteElo "2526"]
[BlackElo "2671"]
[EventDate "2012.03.03"]

1.e4 c5 2.Nf3 Nc6 3.d4 cxd4 4.Nxd4 g6 5.Nc3 Bg7 6.Be3 Nf6 7.Bc4 O-O 8.Bb3 
d6 9.h3 a6 10.O-O Na5 11.Re1 b5 12.Bg5 Nxb3 13.axb3 Bb7 14.Nd5 Re8 15.c4 
bxc4 16.bxc4 e6 17.Nxf6+ Bxf6 18.Bxf6 Qxf6 19.Qd2 e5 20.Nc2 Qe6 21.b3 f5 
22.f3 fxe4 23.fxe4 Rf8 24.Rad1 Rf4 25.Qxd6 Qxd6 26.Rxd6 Rxe4 27.Rxe4 Bxe4 
28.Ne3 Rb8 29.Ng4 Bc2 30.Rxa6 Rxb3 31.Nxe5 Rc3 32.Ra7 h5 33.Rc7 Re3 34.Nf3
Rc3 35.Kf2 Be4 36.Nd2 Rc2 37.Rd7 Bf5 38.Rd4 Kg7 39.Ke3 g5 40.g4 Rc3+ 41.
Kf2 Be6 42.Ne4 Rxc4 43.Nxg5 Bg8 44.Nf3 Rxd4 45.Nxd4 hxg4 46.hxg4 Kf6 47.
Kg3 Bh7 48.Kf4 Bd3 49.g5+ 1/2-1/2

[Event "28. Cappelle Open"]
[Site "Cappelle la Grande FRA"]
[Date "2012.03.05"]
[Round "3"]
[White "Kurnosov, Igor"]
[Black "Mekhitarian, Krikor Sevag"]
[Result "1/2-1/2"]
[WhiteElo "2657"]
[BlackElo "2512"]
[EventDate "2012.03.03"]

1.e4 e5 2.Nf3 Nc6 3.Bc4 Bc5 4.O-O Nf6 5.d3 O-O 6.Nbd2 a6 7.c3 Ba7 8.Re1 d6
9.Bb3 h6 10.Nf1 Re8 11.Ng3 Be6 12.Bc2 d5 13.exd5 Qxd5 14.Be3 Bxe3 15.Rxe3 
Rad8 16.Qe1 Bc8 17.Nd2 Qd7 18.Nc4 Ng4 19.Rf3 Qe7 20.Rd1 Nf6 21.h3 g6 22.d4
b5 23.Nxe5 Nxe5 24.dxe5 Qxe5 25.Re3 Qc5 26.Rd4 Kg7 27.b4 Qc6 28.Bb3 Bb7 
29.f3 Rxd4 30.cxd4 Rxe3 31.Qxe3 Qd6 32.Qe5 Qxb4 33.Qxc7 Qxd4+ 34.Kh2 Qd7 
35.Qe5 Bd5 36.h4 Qe6 37.Qc3 Kg8 38.Bxd5 Nxd5 39.Qd4 Qf6 40.Qxd5 Qxh4+ 41.
Kg1 Qxg3 42.Qa8+ Kh7 43.Qxa6 Qe1+ 44.Kh2 Qe5+ 45.Kh1 h5 46.Qa5 Qa1+ 47.Kh2
Qe5+ 48.Kh1 h4 49.Qb4 g5 50.a3 Kg6 51.Qf8 Qe1+ 52.Kh2 Qe5+ 53.Kh1 f6 54.
Qc8 Qe1+ 55.Kh2 Qe5+ 56.Kh1 Qd5 57.Qc2+ Kf7 58.a4 b4 59.Qc7+ Kg6 60.a5 b3 
61.Qb8 Qxa5 62.Qxb3 Qe1+ 63.Kh2 Qe5+ 64.Kg1 Qa1+ 65.Kh2 Qe5+ 66.Kg1 Kf5 
67.Qc2+ Ke6 68.Qc8+ Kf7 69.Qb7+ Kg6 70.Qb1+ Qf5 71.Qb3 Qc5+ 72.Kh2 Kh6 73.
Qf7 Qd6+ 74.Kh1 h3 75.gxh3 Qd1+ 76.Kg2 Qe2+ 77.Kg3 Qe5+ 78.Kg2 Qe2+ 79.Kg3
Qe5+ 80.Kg2 1/2-1/2

[Event "28. Cappelle Open"]
[Site "Cappelle la Grande FRA"]
[Date "2012.03.05"]
[Round "3"]
[White "Jovanic, Ognjen"]
[Black "Fedorchuk, Sergey A"]
[Result "0-1"]
[WhiteElo "2493"]
[BlackElo "2634"]
[EventDate "2012.03.03"]

1.d4 Nf6 2.c4 e6 3.Nf3 Bb4+ 4.Bd2 a5 5.g3 b6 6.Bg2 Bb7 7.O-O O-O 8.Bf4 Be7
9.Qc2 c5 10.dxc5 bxc5 11.Nc3 d6 12.Rad1 Qb6 13.Rd2 h6 14.Rfd1 e5 15.Be3 
Nc6 16.Nh4 Nd4 17.Bxd4 cxd4 18.Nf5 Rfe8 19.Ne4 Nxe4 20.Bxe4 Bf8 21.g4 Rac8
22.Bxb7 Qxb7 23.Qd3 d5 24.Rc1 dxc4 25.Rxc4 Rxc4 26.Qxc4 Rc8 27.Qd3 Rc1+ 
28.Rd1 Rxd1+ 29.Qxd1 Qxb2 30.a4 Bc5 31.Ng3 d3 32.Qxd3 Qa1+ 33.Kg2 Qxa4 34.
Qd5 Qb4 35.h4 Be7 36.g5 hxg5 37.hxg5 Bxg5 38.Qxe5 Bf4 39.Qe8+ Qf8 40.Qa4 
Qa8+ 41.e4 g6 42.Ne2 Be5 43.f4 Bd6 44.Kf3 Qa6 45.Ng3 Bb4 46.e5 Qd3+ 47.Kf2
Kg7 48.Ne2 Bd2 49.Ng1 Be3+ 0-1

[Event "28. Cappelle Open"]
[Site "Cappelle la Grande FRA"]
[Date "2012.03.05"]
[Round "3"]
[White "Romanov, Evgeny"]
[Black "Baryshpolets, Andrey"]
[Result "1/2-1/2"]
[WhiteElo "2625"]
[BlackElo "2486"]
[EventDate "2012.03.03"]

1.e4 e5 2.Nf3 Nc6 3.Bb5 a6 4.Ba4 Nf6 5.O-O Be7 6.d3 d6 7.c3 O-O 8.Nbd2 Re8
9.Re1 Bf8 10.Nf1 g6 11.Bg5 h6 12.Bh4 Bg7 13.Ne3 b5 14.Bb3 Bb7 15.a3 Nb8 
16.h3 Nbd7 17.Nh2 Qe7 18.Nd5 Qd8 19.Nf1 c6 20.Nxf6+ Bxf6 21.Bxf6 Qxf6 22.
Re3 Re7 23.Rf3 Qg7 24.Ng3 Kh7 25.a4 Nc5 26.axb5 cxb5 27.Bc2 Ne6 28.d4 Ng5 
29.Re3 Ne6 30.Ne2 Rae8 31.d5 Nc5 32.Nc1 Rc7 33.Nd3 Nxd3 34.Bxd3 Kh8 35.Qf1
Rec8 36.f4 Qf6 37.Rf3 Kg7 38.Qf2 Re7 39.Rf1 Rcc7 40.f5 g5 41.Rg3 Kh7 42.h4
gxh4 43.Rh3 Re8 44.Qxh4 Qxh4 45.Rxh4 Rh8 46.Rf3 Rcc8 47.Rfh3 Kg7 48.Kf2 
Rb8 49.Ke3 Bc8 50.Rh1 a5 51.f6+ Kg6 52.Be2 Bd7 53.Rf1 h5 54.Rfh1 Kxf6 55.
g4 a4 56.gxh5 Rh6 57.Rg1 b4 58.Rh2 bxc3 59.bxc3 Rb3 60.Rc1 Rb2 61.Rf2+ Ke7
62.Rcf1 f6 63.Rg1 Kf8 64.Rfg2 Rh8 65.h6 Be8 66.Rh1 a3 67.Rf2 Ke7 68.Bc4 
Rxf2 69.Kxf2 Bg6 70.Ke3 f5 71.exf5 Bxf5 72.Bd3 Bxd3 73.Kxd3 a2 74.Ra1 Rxh6
75.Rxa2 Rh4 1/2-1/2

[Event "28. Cappelle Open"]
[Site "Cappelle la Grande FRA"]
[Date "2012.03.05"]
[Round "3"]
[White "Gurevich, M"]
[Black "Lagarde, Maxime"]
[Result "1/2-1/2"]
[WhiteElo "2611"]
[BlackElo "2488"]
[EventDate "2012.03.03"]

1.c4 Nf6 2.g3 g6 3.Bg2 Bg7 4.Nc3 O-O 5.d3 e5 6.Nf3 Nc6 7.O-O d6 8.Rb1 a5 
9.a3 h6 10.b4 axb4 11.axb4 Be6 12.b5 Ne7 13.Bb2 Nd7 14.Nd2 c6 15.Ra1 Qc7 
16.Qc2 f5 17.bxc6 Rxa1 18.Rxa1 bxc6 19.Ba3 g5 20.Rb1 e4 21.dxe4 f4 22.c5 
Qa7 23.Qa4 Ra8 24.cxd6 Qxa4 25.Nxa4 Rxa4 26.dxe7 Kf7 27.Bd6 Rd4 28.e5 Bxe5
29.Bxe5 Nxe5 30.Nf3 Nxf3+ 31.Bxf3 c5 32.gxf4 gxf4 33.Rb7 Rd1+ 34.Kg2 Rd7 
35.Rb6 Rxe7 36.Bh5+ Kf6 37.Rc6 Rg7+ 38.Kf3 Rg5 39.Be8 Ke7 40.Kxf4 Rf5+ 41.
Kg3 Rg5+ 42.Kh4 Rg2 43.h3 Rh2 44.Kg3 Rxh3+ 45.Kf4 Rh2 46.Ke5 Bg4 47.Bg6 
Rxf2 48.e4 h5 49.Rxc5 h4 50.Rc7+ Kf8 51.Rh7 h3 52.Bf5 Bxf5 53.exf5 h2 54.
Kf6 Kg8 55.Rh4 Rg2 56.Rh3 Rf2 57.Kg6 Rg2+ 58.Kf6 1/2-1/2

[Event "28. Cappelle Open"]
[Site "Cappelle la Grande FRA"]
[Date "2012.03.05"]
[Round "3"]
[White "Jojua, Davit"]
[Black "Fier, Alexandr"]
[Result "1-0"]
[WhiteElo "2507"]
[BlackElo "2599"]
[EventDate "2012.03.03"]

1.d4 Nf6 2.c4 e6 3.Nc3 Bb4 4.Qc2 Nc6 5.Nf3 d5 6.cxd5 exd5 7.Bg5 h6 8.Bxf6 
Qxf6 9.e3 Be6 10.a3 Bd6 11.Nb5 O-O 12.Be2 Rfc8 13.O-O Bf8 14.Rac1 a6 15.
Nc3 Ne7 16.Na4 b6 17.Bd3 Nf5 18.Qe2 b5 19.Nc5 Nd6 20.b3 Bf5 21.Ne5 Ne4 22.
Ncd7 Bxd7 23.Nxd7 Qd6 24.Nxf8 Rxf8 25.Bxe4 dxe4 26.Rc5 f5 27.g3 Rae8 28.
Rfc1 Re7 29.b4 Rf6 30.Qa2+ Kh7 31.Qc2 f4 32.exf4 Rff7 33.Rd1 Kh8 34.Re5 
Qg6 35.Re1 1-0

[Event "28. Cappelle Open"]
[Site "Cappelle la Grande FRA"]
[Date "2012.03.05"]
[Round "3"]
[White "Kovchan, Alexander"]
[Black "Bernadskiy, Vitaliy"]
[Result "1-0"]
[WhiteElo "2598"]
[BlackElo "2464"]
[EventDate "2012.03.03"]

1.e4 e5 2.Nf3 Nc6 3.Nc3 Nf6 4.d4 exd4 5.Nxd4 Bb4 6.Nxc6 bxc6 7.Bd3 d5 8.
exd5 cxd5 9.O-O O-O 10.Bg5 c6 11.Qf3 Bd6 12.Rfe1 Rb8 13.Rab1 h6 14.Bxf6 
Qxf6 15.Qxf6 gxf6 16.Ne2 Re8 17.b3 Re5 18.Kf1 Bg4 19.h3 Bxe2+ 20.Rxe2 a5 
21.a4 Rbe8 22.Rd1 Bb4 23.Ba6 Bc3 24.Rd3 Rxe2 25.Rg3+ Kf8 26.Bxe2 d4 27.Rf3
Re5 28.g3 Kg7 29.Rf4 c5 30.Rg4+ Rg5 31.Re4 Re5 32.Rh4 Bd2 33.f4 Re3 34.Kf2
Bb4 35.Rh5 Re7 36.Rd5 Kf8 37.Bc4 Kg7 38.Kg2 Kf8 39.Rd8+ Kg7 40.Rd5 Kf8 41.
h4 Kg7 42.h5 Rc7 43.Rd8 Bc3 44.Re8 Bb4 45.Kf3 Bc3 46.Kg4 Bb4 47.Kf5 Bc3 
48.Ra8 Be1 49.Ra6 Bc3 50.Ra8 Be1 51.g4 Bd2 52.Re8 Bc3 53.Bb5 Bb4 54.Ke4 
Bd2 55.f5 Bb4 56.Kd5 Bd2 57.Bc4 Bf4 58.Ra8 Bd2 59.Bb5 Bb4 60.Kd6 Rb7 61.
Bc4 Kh7 62.Re8 Ra7 63.Kc6 Kg7 64.Bb5 c4 65.bxc4 Re7 66.Rxe7 Bxe7 67.c5 Kf8
68.Kb6 Bd8+ 69.Kb7 Ke7 70.Kb8 1-0

[Event "28. Cappelle Open"]
[Site "Cappelle la Grande FRA"]
[Date "2012.03.05"]
[Round "3"]
[White "Wirig, Anthony"]
[Black "Ramirez Alvarez, Alejandro"]
[Result "1/2-1/2"]
[WhiteElo "2481"]
[BlackElo "2591"]
[EventDate "2012.03.03"]

1.d4 Nf6 2.Nf3 d5 3.c4 c6 4.Nc3 a6 5.a4 e6 6.g3 c5 7.cxd5 cxd4 8.Nxd4 Nxd5
9.Nc2 Be7 10.Nxd5 exd5 11.Bg2 Be6 12.O-O Nc6 13.b4 Bf6 14.Rb1 O-O 15.b5 
axb5 16.axb5 Na5 17.Nd4 Bg4 18.h3 Bd7 19.g4 Qb6 20.Be3 Nc4 21.Nf5 Qa5 22.
Qxd5 Bxf5 23.Qxf5 Nxe3 24.fxe3 Qc3 1/2-1/2